000 01825cam a22004454i 4500
003 PE-LiUPU
005 20250731165403.0
008 151001s2013 pe a grm 000 0 spa d
035 _a(Sirsi) a154724
040 _aPE-LiUPU
_bspa
_cPE-LiUPU
_erda
099 _aTE 3
_bV39 2013
100 1 _aVega Fajardo, Jeniffer Ximena
_eautor
245 1 _aEficiencia del método musical Willems en el desarrollo de la conciencia fonológica de los niños en edad inicial del Colegio Adventista Simón Bolivar de Colombia /
_cJeniffer Ximena Vega Fajardo.
264 0 _c2013.
300 _a154 hojas :
_bilustraciones;
_c30 cm
336 _atext
_2rdacontent
337 _aunmediated
_2rdamedia
338 _avolume
_2rdacarrier
502 _aTesis
_b(Mg.) --
_cUniversidad Peruana Unión,
_d2013.
504 _aIncluye referencias
520 3 _aEl presente trabajo de investigación establece la efectividad del método musical Willems para ayudar en el dasarrollo de la conciencia fonológica, dando así elementos para mejorar los procesos de adquisición de la lectoescritura y el lenguaje hablado y escrito en general. -Es una investigación de enfoque cuantitativo de tipo experimental.La población estuvo compuesta por 20 niños en edad inicial matriculados en preescolar.
526 _aSEG44
526 _aSEG26
526 _aP151
526 _aP150
526 _aP149
526 _aP146
526 _aP145
526 _aP126
526 _aP125
526 _aP92
526 _aP75
526 _aP74
526 _aP27
526 _aP15
650 0 4 _aNiños
_xMúsica
_xEnseñanza
_vMétodos
596 _a1
942 _2ddc
_cTESIS
999 _aTE 3 V39 2013
_wALPHANUM
_c7425
_iT01381
_lCCODEBUL3
_mBUL
_r1
_sY
_tTESIS
_u2015-10-1
_xPOSGRADO
_PP57
_o.STAFF. Tesis
_d7425
980 _81
_gALBERTO SANCHEZ Responsable de Automatización